Organizational change : (Record no. 61213)

MARC details
000 -LEADER
fixed length control field 01152nam a22002897a 4500
005 - DATE AND TIME OF LATEST TRANSACTION
control field 20120119143523.0
008 - FIXED-LENGTH DATA ELEMENTS--GENERAL INFORMATION
fixed length control field 120119t xxu||||| |||| 00| 0 eng d
010 ## - LCCN (DPL NO)
LC control number ENG-104790
020 ## - INTERNATIONAL STANDARD BOOK NUMBER
International Standard Book Number 9788132108733
Terms of availability 495.00
035 ## - SYSTEM CONTROL NUMBER
System control number EN-88323
037 ## - SOURCE OF ACQUISITION
Source of stock number/acquisition DBAD/PUB
040 ## - CATALOGING SOURCE
Original cataloging agency DPL
Language of cataloging Eng
082 00 - DEWEY DECIMAL CLASSIFICATION NUMBER
Classification number 658.406
100 1# - MAIN ENTRY--PERSONAL NAME
Personal name Cawsey, T. F.
9 (RLIN) 39710
245 10 - TITLE STATEMENT
Title Organizational change :
Remainder of title an action-oriented toolkit /
Statement of responsibility, etc by Tupper F. Cawsey, Gene Deszca [and] Cynthia Ingols
250 ## - EDITION STATEMENT
Edition statement 2nd ed
260 ## - PUBLICATION, DISTRIBUTION, ETC. (IMPRINT)
Place of publication, distribution, etc New Delhi
Name of publisher, distributor, etc SAGE Publications
Date of publication, distribution, etc 2012
270 ## - ADDRESS
Address B1/I-1 Mohan Cooperative Industrial Area, Mathura Road
City New Delhi
Postal code 110044
300 ## - PHYSICAL DESCRIPTION
Extent xv, 492 p. :
Dimensions 25cm(pbk)
Other physical details ill.
500 ## - GENERAL NOTE
General note Includes bibliographical references and index.
650 ## - SUBJECT ADDED ENTRY--TOPICAL TERM
Topical term or geographic name as entry element Organizational change
9 (RLIN) 39717
700 ## - ADDED ENTRY--PERSONAL NAME
Personal name Deszca, Gene.
9 (RLIN) 39718
700 ## - ADDED ENTRY--PERSONAL NAME
Personal name Ingols, Cynthia
9 (RLIN) 39719
942 ## - ADDED ENTRY ELEMENTS (KOHA)
Source of classification or shelving scheme Dewey Decimal Classification
Item type English Books
Classification part 658.406
Call number suffix CAW
Holdings
Withdrawn status Lost status Source of classification or shelving scheme Damaged status Not for loan Collection code Home library Current library Date acquired Source of acquisition Cost, normal purchase price Total Checkouts Full call number Barcode Date last seen Copy number Cost, replacement price Koha item type
    Dewey Decimal Classification   Not For Loan Non-fiction D.B.Act.Division D.B.Act.Division 19/01/2012 DBAD/PUB 495.00   658.406 CAW EN-88323 19/01/2012 1 495.00 English Books

© Delhi Public Library
Hit Counter
free hit counter